A Multidisciplinary Approach to Motor Learning and Sensorimotor Adaptation (Record no. 7636)
[ view plain ]
| 000 -LEADER | |
|---|---|
| fixed length control field | 00592nam a2200133Ia 4500 |
| 008 - FIXED-LENGTH DATA ELEMENTS--GENERAL INFORMATION | |
| fixed length control field | 220615s9999||||xx |||||||||||||| ||und|| |
| 022 ## - INTERNATIONAL STANDARD SERIAL NUMBER | |
| International Standard Serial Number | 16648714 |
| 100 ## - MAIN ENTRY--PERSONAL NAME | |
| Personal name | Sean Kevin Meehan||Rachael D. Seidler |
| 245 #2 - TITLE STATEMENT | |
| Title | A Multidisciplinary Approach to Motor Learning and Sensorimotor Adaptation |
| 546 ## - LANGUAGE NOTE | |
| Language note | English[eng] |
| 650 ## - SUBJECT ADDED ENTRY--TOPICAL TERM | |
| Topical term or geographic name entry element | motor learning||neural||sensorimotor||adaptation||Skilled Learning||plasticity||sequence learning||neuroimaging |
| 856 ## - ELECTRONIC LOCATION AND ACCESS | |
| Uniform Resource Identifier | <a href="http://journal.frontiersin.org/researchtopic/883/a-multidisciplinary-approach-to-motor-learning-and-sensorimotor-adaptation">http://journal.frontiersin.org/researchtopic/883/a-multidisciplinary-approach-to-motor-learning-and-sensorimotor-adaptation</a> |
| 942 ## - ADDED ENTRY ELEMENTS (KOHA) | |
| Koha item type | E-Books |
| Withdrawn status | Lost status | Damaged status | Not for loan | Home library | Current library | Date acquired | Total Checkouts | Date last seen | Price effective from | Koha item type |
|---|---|---|---|---|---|---|---|---|---|---|
| Kerala University of Digital Sciences, Innovation and Technology Knowledge Centre | Kerala University of Digital Sciences, Innovation and Technology Knowledge Centre | 15/06/2022 | 15/06/2022 | 15/06/2022 | E-Books |